Lustige Gesetze - Statistiken

Allgemein
  • Dieses Quiz wurde 475 mal gespielt
  • Das Durchschnittsergebnis liegt bei 7 aus 15
Antwortstatistiken
Frage Antwort % Korrekt
Auf einem Fußballfeld dürfen keine Bäume stehen. (Deutschland) Wahr
86%
Schweine dürfen nicht auf den Namen "Napoleon" getauft werden. (Frankreich) Wahr
85%
Männer dürfen sich die Fingernägel nur am Wochenende lackieren. (Portugal) Falsch
76%
Piloten dürfen während dem Flug keine Wassermelone essen. (USA) Wahr
73%
Ertrinkende Menschen dürfen nicht gerettet werden, weil dies ein Eingriff in ihr Schicksal wäre. (China) Wahr
71%
Sex mit einem Känguru ist nur erlaubt wenn man betrunken ist. (Australien) Wahr
56%
Männer dürfen in der Öffentlichkeit urinieren, solange es am Hinterreifen des eigenen Autos passiert und die rechte Hand auf dem Auto ist. (Grossbritannien) Wahr
55%
Kinos dürfen nicht in hohen Schuhen besucht werden. (Irland) Falsch
43%
Wenn ein Autofahrer trotz Gegenverkehr wenden will hat er solange Vorfahrt bis er die Geschwindigkeit verringert oder anhält. (Belgien) Wahr
35%
Kinder ab 4 Jahren müssen von ihren Eltern mindestens einmal in der Woche im Kochen unterrichtet werden. (Singapur) Falsch
30%
Frauen dürfen in öffentlichen Verkehrsmitteln keine Schokolade essen. (Grossbritannien) Wahr
29%
Bei einem Anruf auf einem öffentlichen Amt darf das Telefon höchsten 5 Mal klingeln. (Niederlande) Falsch
24%
Samstags dürfen keine Pickel auf der Nase ausgedrückt werden. (Kolumbien) Wahr
17%
Gras auf öffentlichen Plätzen muss stets auf 8cm zurück gestutzt werden. (Schweden) Falsch
15%
Es ist verboten eine Banane als Pistole zu benutzen. (Israel) Falsch
15%
Keine übereinstimmenden Quizze gefunden
Verteilung der Resultate
Anzahl Personen mit jedem Resultat
Perzentil nach korrekt beantworteten Fragen
Ihre Resultats-Entwicklung
Sie haben dieses Quiz noch nicht gespielt